• 首页
  • 本馆介绍
  • 公告通知
  • 最新文献
  • 馆藏检索
  • 电子资源
  • 读者导购
  • 参考咨询
  • 我的图书馆
  • 登录
  • 详细信息显示
  • 放入我的书架
  • 预约/预借图书
  • 作者相关作品
  • 分类相关作品
  • 丛书相关作品
  • 出版社相关作品

书目信息

  • 表格格式
  • 工作单格式
  • 卡片格式
题名:
盐城地区地下水渗流场分析及地质风险研究
    
 
作者: 程鹏环 著
分册:  
出版信息: 北京   中国纺织出版社有限公司  2021.2
页数: 202页
开本: 24cm
丛书名:
单 册:
中图分类: O357.3 , P641.7
科图分类:
主题词: 地下水渗流力学--研究--盐城 , 地下水--水文地质--风险分析--盐城
电子资源:
ISBN: 978-7-5180-6809-8
000 01122nam0 2200277 45
001 012001002336
005 20140913171331.0
010    @a978-7-5180-6809-8@dCNY49.00
100    @a20210407d2021 em y0chiy50 ea
101 0  @achi
102    @aCN@b110000
105    @aa az 000yy
106    @ar
200 1  @a盐城地区地下水渗流场分析及地质风险研究@Ayan cheng de ou de xia shui shen liu chang fen xi ji de zhi feng xian yan jiu@f程鹏环著
210    @a北京@c中国纺织出版社有限公司@d2021.2
215    @a202页@c图@d24cm
300    @a盐城工学院学术著作出版基金资助出版
320    @a有书目 (第198-202页)
330    @a本书凝聚了作者多年对盐城地区地下水动态的研究成果及实践经验,阐述了盐城地区的水文地质条件,建立了区域地下水系统模型,通过数值模拟技术分析了本地区渗流场特点;对与地下水运动密切关联的地面沉降、砂土液化等地质风险进行了分区评价,提出了地下水系统管理及修复建议。
606 0  @a地下水渗流力学@x研究@y盐城
606 0  @a地下水@x水文地质@x风险分析@y盐城
690    @aO357.3@v5
690    @aP641.7@v5
701  0 @a程鹏环@Acheng peng huan@4著
801  0 @aCN@bBJSDL@c20211011
905    @b1339336-9@dO357.3@e20@f4
    
    盐城地区地下水渗流场分析及地质风险研究/程鹏环著.-北京:中国纺织出版社有限公司,2021.2
    202页:图;24cm
    盐城工学院学术著作出版基金资助出版
    
    ISBN 978-7-5180-6809-8:CNY49.00
    本书凝聚了作者多年对盐城地区地下水动态的研究成果及实践经验,阐述了盐城地区的水文地质条件,建立了区域地下水系统模型,通过数值模拟技术分析了本地区渗流场特点;对与地下水运动密切关联的地面沉降、砂土液化等地质风险进行了分区评价,提出了地下水系统管理及修复建议。
●
相关链接 在E读中查询图书 在五车中查询图书 在当当中查询图书 在豆瓣中查询图书


正题名:盐城地区地下水渗流场分析及地质风险研究     索取号:O357.3/20         预约/预借

序号 登录号 条形码 馆藏地/架位号 状态 备注
1 1339336   213393362   第二样本阅览室/ [索取号:O357.3/20] 在馆    
2 1339337   213393371   第三借阅区/ [索取号:O357.3/20] 在馆    
3 1339338   213393380   第三借阅区/ [索取号:O357.3/20] 在馆    
4 1339339   213393399   第三借阅区/ [索取号:O357.3/20] 在馆    
唐山师范学院图书馆 欢迎您!
大连网信软件有限公司© 版权所有